000 00820nam a2200253Ia 4500
003 OSt
005 20221005062152.0
006 a|||||r|||| 00| 0
007 ta
008 221004b |||||||| |||| 00| 0 eng d
020 _a9780415747868 (hbk)
_c8109.85
024 _a22135
037 _bCBS/325, 10/03/2015, Classic Book Service
_cTextual
040 _aCRL
_cCRL
_beng
041 _2eng
_aeng
082 _aY73(Q5).1(Q7), Q5
100 _aAbramson Glenda Ed.
_9601506
245 0 _aSites of jewish memory
_b Jews in and from Islamic lands in modern times
260 _aLondon
_bRoutledge UK
_c2015
300 _axvi,314p.
_ccm.
650 _aSOCIOLOGY
942 _hY73(Q5).1(Q7), Q5
_cTEXL
_2cc
999 _c969284
_d969284